| 000 | 00994cam a2200289 i 4500 | ||
|---|---|---|---|
| 001 | 17893419 | ||
| 003 | EG-ScBUE | ||
| 005 | 20231004123811.0 | ||
| 008 | 130920t2014 nyua f b 001 0 eng d | ||
| 020 | _a9780393922073 | ||
| 040 |
_aDLC _beng _erda _cDLC _dDLC _dEG-ScBUE |
||
| 082 | 0 | 4 |
_a909 _222 _bWOR |
| 245 | 0 | 0 |
_aWorlds together, worlds apart : _ba history of the world from the beginnings of humankind to the present / _cRobert Tignor, and [eleven others] |
| 250 | _aFourth edition. | ||
| 264 | 1 |
_aNew York ; _aLondon : _bW. W. Norton & Company, _c[2014] |
|
| 264 | 4 | _cc2014 | |
| 300 |
_a1 volume (various pagings) : _billustrations ; _c29 cm |
||
| 336 |
_2rdacontent _atext _btxt |
||
| 337 |
_2rdamedia _aunmediated _bn |
||
| 338 |
_2rdacarrier _avolume _bnc |
||
| 504 | _aIncludes bibliographical references and index. | ||
| 650 | 7 |
_aWorld history. _2BUEsh _910193 |
|
| 653 |
_bBUSBOL _cOctober2017 |
||
| 655 | _vText book | ||
| 700 | 1 |
_aTignor, Robert L., _eauthor. |
|
| 942 |
_2ddc _cBB |
||
| 999 |
_c25478 _d25450 |
||